01381nam a2200349 a 450000100060000000300080000600500170001400600190003100700150005000800410006502000180010603500210012404000300014505000220017508000140019708200120021110000330022324501440025626000600040030000110046058800830047159001620055465000290071665000430074565000380078865500270082670000420085370000390089579700180093485600620095299900170101453961FINmELB20241216232522.0m o u cr cn|||||||||200402s2009 mx o 000 0 spa d z9786070010156 a(OCoLC)847443483 aFINmELBcFINmELBdFINmELB 4aHF1411bP153 2009 a338.124.404a3372221 aPalacio Muñoz, Víctor H.10aElementos para entender la crisis mundial actual /cVíctor H. Palacio Muñoz, Miguel Ángel Lara Sánchez, Héctor M. Mora Zebadúa. aMéxico :bSindicato Mexicano de Electricistas,c2009. a167 p. aDescripción basada en metadatos suministrados por el editor y otras fuentes. aRecurso electrónico. Santa Fe, Arg.: elibro, 2020. Disponible vía World Wide Web. El acceso puede estar limitado para las bibliotecas afiliadas a elibro. 4aDepresión económica. 4aSistemas económicos internacionales. 4aInternational economic relations. 4aLibros electrónicos.1 aLara Sánchez, Miguel Ángel,eaut.1 aMora Zebadúa, Héctor M.,eaut.2 aelibro, Corp.40uhttps://elibro.net/ereader/politecnicointernacional/37213 c53961d53961